Análisis y soluciones a problemas de inundaciones en el cantón de Oreamuno, Cartago
Gespeichert in:
| 1. Verfasser: | |
|---|---|
| Format: | Buch |
| Sprache: | Spanish |
| Veröffentlicht: |
San José, Costa Rica
2016
|
| Schlagworte: | |
| Tags: |
Tag hinzufügen
Keine Tags, Fügen Sie den ersten Tag hinzu!
|
MARC
| LEADER | 00000nam a22000007a 4500 | ||
|---|---|---|---|
| 003 | 012573 | ||
| 005 | 20221231144207.0 | ||
| 008 | 170425b2016 cr a|||| m|||||0| ||spa d | ||
| 040 | |c cru CEDI | ||
| 090 | |a TFG 7724 | ||
| 100 | |9 8086 |a Chinchilla Dannenberger, Jorge | ||
| 245 | |a Análisis y soluciones a problemas de inundaciones en el cantón de Oreamuno, Cartago | ||
| 260 | |a San José, Costa Rica |c 2016 | ||
| 300 | |a xiv,120 hojas | ||
| 500 | |a Tesis (licenciatura en ingeniería agrícola)--Universidad de Costa Rica. Facultad de Ingeniería. Escuela de Ingeniería Agrícola | ||
| 650 | |x OREAMUNO (CARTAGO, COSTA RICA) |x INUNDACIONES |x CONTROL DE INUNDACIONES |x CIPRESES (OREAMUNO, CARTAGO, COSTA RICA) |9 8087 | ||
| 942 | |c TFG | ||
| 999 | |c 18247 |d 18247 | ||
